La apuesta europea / (Record no. 25329)

MARC details
000 -LEADER
campo de control de longitud fija 00577nam a2200193 i 4500
001 - NÚMERO DE CONTROL
campo de control 25329
003 - IDENTIFICADOR DE NÚMERO DE CONTROL
campo de control ES-MaACL
005 - FECHA Y HORA DE LA ÚLTIMA TRANSACCIÓN
campo de control 20230906153235.0
007 - CAMPO FIJO DE DESCRIPCIÓN FÍSICA--INFORMACIÓN GENERAL
campo de control de longitud fija t|
008 - DATOS DE LONGITUD FIJA--INFORMACIÓN GENERAL
campo de control de longitud fija 021224s1969 sp ||||1| spa d
100 1# - ENTRADA PRINCIPAL--NOMBRE DE PERSONA
Nombre de persona Armand, Louis.
9 (RLIN) 22910
245 13 - MENCIÓN DEL TÍTULO
Título La apuesta europea /
Mención de responsabilidad, etc. Louis Armand, Michel Drancourt ; [tradcción de J. Ferrer Aleu].
250 ## - MENCION DE EDICION
Mención de edición [1ª ed].
260 ## - PUBLICACIÓN, DISTRIBUCIÓN, ETC.
Lugar de publicación, distribución, etc. Barcelona, etc :
Nombre del editor, distribuidor, etc. Plaza y Janés,
Fecha de publicación, distribución, etc. 1969.
300 ## - DESCRIPCIÓN FÍSICA
Extensión 322 p. ;
Dimensiones 22 cm.
700 1# - ENTRADA AGREGADA--NOMBRE PERSONAL
Nombre de persona Drancourt, Michel.
9 (RLIN) 45585
700 1# - ENTRADA AGREGADA--NOMBRE PERSONAL
Nombre de persona Ferrer Aleu, J.
9 (RLIN) 50442
852 ## - LOCALIZACIÓN
Ubicación ES-MaACL
Número de control de estantería C-36028
Sublocalización o colección R.69031
Holdings
Estatus retirado Estado de pérdida Estado de daño No para préstamo Biblioteca de origen Biblioteca actual Ubicación en estantería Fecha de adquisición Fuente de adquisición Total de préstamos Signatura topográfica completa Código de barras Visto por última vez Precio de reemplazo Tipo de ítem Koha
        Biblioteca del Ateneo de Madrid Biblioteca del Ateneo de Madrid Depósito 2 17/01/2008     C-36028 1026113 23/02/2023 23/02/2023 Libro impreso